The microscope / (Registro nro. 17995)

Detalles MARC
000 -CABECERA
Campo de control 00784cam a22002291 4500
005 - FECHA Y HORA DE LA ULTIMA TRANSACCION
Campo de control 20180803170213.0
008 - ELEMENTOS DE LONGITUD FIJA—INFORMACION GENERAL
Campo de control 730130s1941 nyua b 000 0 eng
040 ## - FUENTE DE CATALOGACIÓN
Agencia catalogadora original DLC
Agencia transcriptora ODaWU
Agencia Modificadora OCoLC
-- InU-D
-- DLC
041 ## - IDIOMA
Código de idioma para texto/pista de sonido o título separado Inglés
082 ## - NUMERO DE CLASIFICACION DECIMAL DEWEY
Número de clasificación 600
Número del ítem G13m
100 1# - ASIENTO PRINCIPAL--NOMBRE PERSONAL
Nombre personal Gage, Simon Henry,
Fechas asociadas con el nombre 1851-1944.
9 (RLIN) 51726
245 14 - MENCION DE TITULO
Título The microscope /
Mención de responsabilidad Simon Henry Gage.
250 ## - MENCION DE EDICION
Mención de edición 17th edición revisada
260 ## - PUBLICACION, DISTRIBUCION, ETC. (PIE DE IMPRENTA)
Lugar de publicación, distribución, etc. Ithaca, New York,
Nombre del editor, distribuidor, etc. Comstock Publishing Company, inc.,
Fecha de publicación, distribución, etc. 1943.
300 ## - DESCRIPCION FISICA
Extensión 617 p.
Otros detalles físicos ilustraciones, diagrramas
Dimensiones 24 cm.
504 ## - NOTA DE BIBLIOGRAFIA, ETC.
Nota de bibliografía Bibliografía: p. Desde 581 hasta 594. Bibliografía al final de la mayoría de los capítulos.
650 #0 - ASIENTO SECUNDARIO DE MATERIA - TERMINO TEMATICO
Término temático o nombre geográfico como elemento de entrada Microscopia
9 (RLIN) 51340
650 #0 - ASIENTO SECUNDARIO DE MATERIA - TERMINO TEMATICO
Término temático o nombre geográfico como elemento de entrada Microscopi
9 (RLIN) 51724
650 #0 - ASIENTO SECUNDARIO DE MATERIA - TERMINO TEMATICO
Término temático o nombre geográfico como elemento de entrada Inventos
9 (RLIN) 13762
650 #0 - ASIENTO SECUNDARIO DE MATERIA - TERMINO TEMATICO
Término temático o nombre geográfico como elemento de entrada Tecnología
9 (RLIN) 97596
942 ## - ELEMENTOS ADICIONALES (KOHA)
Sistema de clasificación Dewey Decimal Classification
Tipo de ítem Libro
Existencias
Withdrawn status Lost status Sistema de Clasificación Damaged status No para préstamo Colección Inventariado Ubicación Permanente Ubicación actual Fecha de adquisición Fuente de Valor Total Checkouts Número topográfico Inventario / Código de Barras Date last seen Ejemplar Price effective from Forma de adquisición Tipo de material
    Dewey Decimal Classification     Fondo Ramiro Osorio Osma Inventariado 2017 Bogotá Bogotá 16/01/2016 Amazon   FRO-600 G13m 039547 16/01/2016 Ej. 1 16/01/2016   Libro